|
|
|
|
| LEADER |
006240000a22002050004500 |
| 020 |
|
|
|a 0-521-57659-8
|
| 082 |
|
|
|a 551.476 N6
|
| 100 |
|
|
|a Glantz, Michael H; Author
|
| 245 |
|
|
|a Currents of change : El Nino`s impact on climate and society
|
| 260 |
|
|
|a Cambridge, CUP
|
| 260 |
|
|
|c 19961996
|
| 460 |
|
|
|a xiii,194p
|
| 465 |
|
|
|a P 15.95
|
| 500 |
|
|
|a Michael H Glantz
|
| 650 |
|
|
|a Climatic changes
|
| 650 |
|
|
|a El Nino current
|
| 650 |
|
|
|a Geology
|
| 942 |
|
|
|c BK
|
| 999 |
|
|
|c 29408
|d 29408
|
| 952 |
|
|
|0 0
|1 0
|4 0
|6 551_476000000000000_N6
|7 0
|8 ENG
|9 29248
|a MGUL
|b MGUL
|d 2013-07-16
|e P 15.95
|l 0
|o 551.476 N6
|p 29897
|r 2013-07-16
|w 2013-07-16
|y BK
|